| 000 | 01893nam a2200313 a 4500 | ||
|---|---|---|---|
| 001 | BRCA_5008 | ||
| 005 | 20190320204912.0 | ||
| 008 | 291010s1748----mx-######v---#000-0#spa-# | ||
| 041 | _aspa | ||
| 044 | _amx | ||
| 084 |
_aDOC72 _b.H87 _c1748 |
||
| 100 | 1 |
_aHurtado de Mendoza, Gaspar _912772 |
|
| 245 | 1 | 0 |
_aDocumento firmado por Don Gaspar Hurtado de Mendoza _cGaspar Hurtado de Mendoza. |
| 260 |
_aMéxico _c1748 |
||
| 300 |
_a[39] fojas _c31 x 22 cm. |
||
| 500 | _aDocumento que contiene la relación de los gastos hechos por concepto de Obras Públicas en la Ciudad de México por orden del señor Alcalde Ordinario Don Gaspar Hurtado de Mendoza, regidor Perpetuo de la Ciudad y Juez Superintendente. Dichas obras fueron: el empedrado de la calle de San Francisco y los Albañales de la Plaza de Santo Domingo, empedrado de uno de los Cuarteles, limpia del Santuario de Guadalupe, Calzada de la Merced de la Huertas que sale al Pueblo de Popotla, Calzada y Puente de mampostería de Popotla, limpia de acequias y demás gastos. | ||
| 500 | _aContiene sellos con el escudo de la casa de Borbón y lema: ´SELLO QUARTO. UN QUARTILLO. AÑOS DE MIL SETECIENTOS Y QUARENTA Y SIETE Y QUARENTA Y OCHO´. | ||
| 500 | _aEn interior del documento se encuentran hojas de diversos tamaños. | ||
| 500 | _aEl documento contiene la leyenda DOC. #232. | ||
| 500 | _aPapel con marca de agua. | ||
| 500 | _aEstado de conservación: manchas causadas por la acides de la tinta y tiene los márgenes maltrados. | ||
| 506 | 0 | _aFondo Reservado. Para su consulta es necesario credencial de usuario y carta de motivos. | |
| 546 | _aTexto en : español de mediados del siglo XVIII. | ||
| 600 | 1 | 4 |
_aHurtado de Mendoza, Gaspar _xHistoria _912773 |
| 650 | 1 | 4 |
_aObras públicas _zMèxico _912774 |
| 651 | 4 |
_aMéxico _vManuscrito _xHistoria _yColonia, 1521-1821 _912775 |
|
| 902 | _aFDH | ||
| 942 |
_2lcc _cD |
||
| 999 |
_c4702 _d4702 |
||